• 首页
  • 本馆介绍
  • 公告通知
  • 最新文献
  • 馆藏检索
  • 电子资源
  • 读者导购
  • 参考咨询
  • 我的图书馆
  • 登录
  • 详细信息显示
  • 放入我的书架
  • 预约/预借图书
  • 作者相关作品
  • 分类相关作品
  • 丛书相关作品
  • 出版社相关作品

书目信息

  • 表格格式
  • 工作单格式
  • 卡片格式
题名:
奥斯曼帝国闲史
    
 
作者: 古德温 著 ;周晓东 , 郭金 译
分册:  
出版信息: 南京   江苏人民出版社  2017.06
页数: 318页
开本: 25cm
丛书名:
单 册:
中图分类: K374.3
科图分类:
主题词:
电子资源:
ISBN: 978-7-214-18295-1
000 01059nam0 2200289 450
001 0120172218340
005 20170908091413.14
010    @a978-7-214-18295-1@b精装@dCNY58.00
100    @a20170713d2017 em y0chiy50 ea
101 1  @achi@ceng
102    @aCN@b320000
105    @aa z 000yy
106    @ar
200 1  @a奥斯曼帝国闲史@9ao si man di guo xian shi@dA history of the Ottoman empire@f(英)杰森·古德温(Jason Goodwin)著@g周晓东,郭金译@zeng
205    @a2版
210    @a南京@c江苏人民出版社@d2017.06
215    @a318页@c图@d25cm
330    @a本书是一部正面剖析奥斯曼帝国生死六百年的作品。主要内容包括:源起、巴尔干人、雷霆、攻读、中心、宫殿、战争、苏莱曼大帝、秩序、城市、海上、节奏等。
333    @a一般读者
510 1  @aHistory of the Ottoman empire@zeng
607    @a奥斯曼帝国(15世纪-1922)@x历史
690    @aK374.3@v5
701  0 @c(英)@a古德温@9gu de wen@c(Goodwin, Jason)@4著
702  0 @a周晓东@9zhou xiao dong@4译
702  0 @a郭金@9guo jin@4译
801  0 @aCN@b人天书店@c20170713
905    @b993628-33@dK374.3@e7=2@f6
    
    奥斯曼帝国闲史=A history of the Ottoman empire/(英)杰森·古德温(Jason Goodwin)著/周晓东,郭金译.-2版.-南京:江苏人民出版社,2017.06
    318页:图;25cm
    使用对象:一般读者
    
    ISBN 978-7-214-18295-1(精装):CNY58.00
    本书是一部正面剖析奥斯曼帝国生死六百年的作品。主要内容包括:源起、巴尔干人、雷霆、攻读、中心、宫殿、战争、苏莱曼大帝、秩序、城市、海上、节奏等。
●
相关链接 在E读中查询图书 在五车中查询图书 在当当中查询图书 在豆瓣中查询图书


正题名:奥斯曼帝国闲史     索取号:K374.3/7=2         预约/预借

序号 登录号 条形码 馆藏地/架位号 状态 备注
1 993628   209936284   第二样本阅览室/ [索取号:K374.3/7=2] 在馆    
2 993629   209936293   密集书库-史法系/ [索取号:K374.3/7=2] 在馆    
3 993630   209936300   第二借阅区/ [索取号:K374.3/7=2] 在馆    
4 993631   209936319   第二借阅区/ [索取号:K374.3/7=2] 在馆    
5 993632   209936328   第二借阅区/ [索取号:K374.3/7=2] 在馆    
6 993633   209936337   第二借阅区/ [索取号:K374.3/7=2] 在馆    
唐山师范学院图书馆 欢迎您!
大连网信软件有限公司© 版权所有